| 000 | 00332nam a2200133Ia 4500 | ||
|---|---|---|---|
| 005 | 20260328104324.0 | ||
| 008 | 260328s9999||||xx |||||||||||||| ||und|| | ||
| 100 | _aMorozzi, Cristina | ||
| 245 | 0 |
_aTerrific Design / _cCristina Morozzi |
|
| 260 | _b24 Ore Culture | ||
| 300 | _a239 p. | ||
| 650 | _aDISEÑO INDUSTRIAL | ||
| 942 | _cBK | ||
| 999 |
_c11432 _d11432 |
||